|
|
|
|
| LEADER |
00705nam a2200181 i 4500 |
| 001 |
misc55100 |
| 005 |
20200505090948.0 |
| 008 |
200424s1847 hu o 0|| hun d |
| 040 |
|
|
|a SZTE Miscellanea Repozitórium
|b hun
|
| 041 |
|
|
|a hun
|
| 100 |
1 |
|
|a Purgstaller József
|
| 245 |
1 |
2 |
|a A bölcsészet elemei
|h [elektronikus dokumentum] /
|c Purgstaller József
|
| 260 |
|
|
|a Hartleben K. A.
|b [Pest] Pesten
|c 1847
|
| 250 |
|
|
|a Második bővített kiadás
|
| 300 |
|
|
|a [1], II, [1], 2-168, [3] p.
|c 8o
|
| 561 |
|
|
|a Poór Imre hagyaték
|
| 695 |
|
|
|a Filozófia története, Erkölcstan, Esztétika, Bölcsészettudomány története
|
| 856 |
4 |
0 |
|u http://misc.bibl.u-szeged.hu/55100/1/borklinika_281_06.pdf
|z Dokumentum-elérés
|